[Event "Team Championship of Russia (rapid)"]
[Site "Sochi"]
[Date "2015.05.09"]
[Round "6.36"]
[White "Shuvalova, Polina"]
[Black "Gritsayeva, Oksana"]
[Result "1-0"]
[LiveChessVersion "1.4.4"]
[BlackElo "2334"]
[WhiteElo "2269"]
[WhiteTeam "Our heritage - Junior"]

1. e4 {[%clk 0:15:17]} c5 {[%clk 0:15:19]} 2. Nf3 {[%clk 0:15:26]} d6
{[%clk 0:15:28]} 3. Bb5+ {[%clk 0:15:34]} Bd7 {[%clk 0:15:35]} 4. Bxd7+
{[%clk 0:15:43]} Qxd7 {[%clk 0:15:44]} 5. O-O {[%clk 0:15:50]} Nf6
{[%clk 0:15:51]} 6. Qe2 {[%clk 0:15:57]} Nc6 {[%clk 0:15:52]} 7. c3
{[%clk 0:16:06]} e6 {[%clk 0:15:47]} 8. d4 {[%clk 0:16:14]} cxd4 {[%clk 0:15:53]}
9. cxd4 {[%clk 0:16:23]} d5 {[%clk 0:15:55]} 10. e5 {[%clk 0:16:32]} Ne4
{[%clk 0:16:04]} 11. Be3 {[%clk 0:16:40]} Be7 {[%clk 0:15:53]} 12. Ne1
{[%clk 0:16:48]} f6 {[%clk 0:15:15]} 13. f3 {[%clk 0:16:56]} Ng5 {[%clk 0:15:23]}
14. Nd3 {[%clk 0:17:04]} O-O {[%clk 0:13:40]} 15. Nd2 {[%clk 0:17:10]} b6
{[%clk 0:13:14]} 16. Rac1 {[%clk 0:16:57]} Rac8 {[%clk 0:13:18]} 17. Rfe1
{[%clk 0:16:48]} Nf7 {[%clk 0:12:42]} 18. Bf2 {[%clk 0:16:35]} f5
{[%clk 0:12:42]} 19. a3 {[%clk 0:15:39]} Rc7 {[%clk 0:12:19]} 20. h4
{[%clk 0:15:38]} Rfc8 {[%clk 0:11:50]} 21. b4 {[%clk 0:14:15]} a5
{[%clk 0:10:17]} 22. b5 {[%clk 0:14:07]} Ncd8 {[%clk 0:10:16]} 23. a4
{[%clk 0:14:09]} Rxc1 {[%clk 0:09:24]} 24. Rxc1 {[%clk 0:14:18]} Rxc1+
{[%clk 0:09:26]} 25. Nxc1 {[%clk 0:14:26]} Qc7 {[%clk 0:09:33]} 26. Qd1 Qc3
{[%clk 0:09:12]} 27. Ne2 {[%clk 0:09:07]} Qb2 {[%clk 0:07:42]} 28. g3
{[%clk 0:08:18]} Bb4 {[%clk 0:07:30]} 29. Nf1 {[%clk 0:08:21]} g5
{[%clk 0:07:24]} 30. hxg5 {[%clk 0:07:41]} Nxg5 {[%clk 0:07:29]} 31. Kg2
{[%clk 0:07:47]} Ndf7 {[%clk 0:07:07]} 32. Nf4 {[%clk 0:07:10]} Qc3
{[%clk 0:05:50]} 33. Qd3 {[%clk 0:06:05]} Qb2 {[%clk 0:05:26]} 34. Qd1
{[%clk 0:05:34]} Bc3 {[%clk 0:05:08]} 35. Ne2 {[%clk 0:05:06]} Bb4
{[%clk 0:05:15]} 36. Ne3 {[%clk 0:04:56]} Kf8 {[%clk 0:04:21]} 37. Qc2
{[%clk 0:04:56]} Qxc2 {[%clk 0:04:26]} 38. Nxc2 {[%clk 0:05:05]} Be7
{[%clk 0:04:07]} 39. Be1 {[%clk 0:05:10]} Bd8 {[%clk 0:04:07]} 40. Bd2
{[%clk 0:05:04]} Nh8 {[%clk 0:03:55]} 41. Ne1 {[%clk 0:04:57]} Ng6
{[%clk 0:03:57]} 42. Nd3 {[%clk 0:05:06]} Nf7 {[%clk 0:03:54]} 43. Nef4
{[%clk 0:03:41]} Ke7 {[%clk 0:02:55]} 44. Nh5 {[%clk 0:03:36]} Kd7
{[%clk 0:03:02]} 45. Kf2 {[%clk 0:02:40]} h6 {[%clk 0:02:54]} 46. Kg2
{[%clk 0:02:32]} Be7 {[%clk 0:02:30]} 47. Nb2 {[%clk 0:02:20]} Bg5
{[%clk 0:02:14]} 48. f4 {[%clk 0:02:18]} Be7 {[%clk 0:02:22]} 49. Nd3
{[%clk 0:02:26]} Nf8 {[%clk 0:02:20]} 50. Kf3 {[%clk 0:02:25]} Ng6
{[%clk 0:02:19]} 51. Nf2 {[%clk 0:02:32]} Ba3 {[%clk 0:02:13]} 52. Nf6+
{[%clk 0:02:32]} Kc7 {[%clk 0:02:01]} 53. Nd1 {[%clk 0:02:03]} Ne7
{[%clk 0:01:58]} 54. Ke3 {[%clk 0:01:46]} Ng6 {[%clk 0:02:00]} 55. Kd3
{[%clk 0:01:53]} Be7 {[%clk 0:02:01]} 56. Nh5 {[%clk 0:01:25]} Ba3
{[%clk 0:01:59]} 57. Ne3 {[%clk 0:01:25]} Ne7 {[%clk 0:01:55]} 58. Be1
{[%clk 0:01:20]} Kd7 {[%clk 0:01:48]} 59. Nf6+ {[%clk 0:01:27]} Kc8
{[%clk 0:01:44]} 60. Bf2 {[%clk 0:01:17]} Bb2 {[%clk 0:01:43]} 61. Nd1
{[%clk 0:01:06]} Ba3 {[%clk 0:01:47]} 62. Be1 {[%clk 0:01:11]} Ng6
{[%clk 0:01:42]} 63. Ne3 {[%clk 0:01:16]} Ne7 {[%clk 0:01:48]} 64. Bf2
{[%clk 0:01:03]} Bb2 {[%clk 0:01:53]} 65. Ng2 {[%clk 0:01:09]} Ng6
{[%clk 0:01:47]} 66. Be1 {[%clk 0:01:08]} Ba3 {[%clk 0:01:50]} 67. Bd2
{[%clk 0:01:14]} Be7 {[%clk 0:01:52]} 68. Nh5 {[%clk 0:01:15]} Kd7
{[%clk 0:01:54]} 69. Ne3 {[%clk 0:01:19]} Bd8 {[%clk 0:01:38]} 70. Be1
{[%clk 0:01:27]} Be7 {[%clk 0:01:23]} 71. Bf2 {[%clk 0:01:33]} Bb4
{[%clk 0:01:25]} 72. Ng7 {[%clk 0:01:24]} Ne7 {[%clk 0:01:20]} 73. g4
{[%clk 0:01:32]} fxg4 {[%clk 0:01:15]} 74. Nxg4 {[%clk 0:01:38]} Ng8
{[%clk 0:00:37]} 75. f5 {[%clk 0:01:06]} Ng5 {[%clk 0:00:42]} 76. Be3
{[%clk 0:00:37]} exf5 {[%clk 0:00:39]} 77. Nxh6 {[%clk 0:00:23]} Nxh6
{[%clk 0:00:32]} 78. Bxg5 {[%clk 0:00:31]} Ng4 {[%clk 0:00:31]} 79. e6+
{[%clk 0:00:22]} Kc8 {[%clk 0:00:12]} 80. e7 {[%clk 0:00:27]} Bxe7
{[%clk 0:00:15]} 81. Bxe7 {[%clk 0:00:35]} Nf2+ {[%clk 0:00:19]} 82. Kd2
{[%clk 0:00:20]} Ne4+ {[%clk 0:00:26]} 83. Kd3 {[%clk 0:00:28]} f4
{[%clk 0:00:28]} 84. Bh4 {[%clk 0:00:18]} Kd7 {[%clk 0:00:35]} 85. Nh5
{[%clk 0:00:20]} f3 {[%clk 0:00:40]} 86. Nf6+ {[%clk 0:00:20]} 1-0

[Event "Team Championship of Russia (rapid)"]
[Site "Sochi"]
[Date "2015.05.09"]
[Round "7.3"]
[White "Potkin, Vladimir"]
[Black "Grachev, Boris"]
[Result "1/2-1/2"]
[LiveChessVersion "1.4.4"]
[BlackElo "2665"]
[WhiteElo "2676"]
[BlackTeam "SHSM-Our Heritage-1"]
[WhiteTeam "SHSM-Our Heritage-2"]

1. d4 {[%clk 0:15:17]} c6 {[%clk 0:15:10]} 2. e4 {[%clk 0:15:14]} d5
{[%clk 0:15:18]} 3. exd5 {[%clk 0:15:21]} cxd5 {[%clk 0:15:26]} 4. c4
{[%clk 0:15:29]} Nf6 {[%clk 0:15:27]} 5. Nc3 {[%clk 0:15:37]} Nc6
{[%clk 0:15:27]} 6. Nf3 {[%clk 0:15:45]} Bg4 {[%clk 0:15:14]} 7. cxd5
{[%clk 0:15:52]} Nxd5 {[%clk 0:15:21]} 8. Qb3 {[%clk 0:15:57]} Bxf3
{[%clk 0:15:08]} 9. gxf3 {[%clk 0:16:05]} e6 {[%clk 0:15:01]} 10. Qxb7
{[%clk 0:16:13]} Nxd4 {[%clk 0:14:56]} 11. Bb5+ {[%clk 0:16:21]} Nxb5
{[%clk 0:15:00]} 12. Qc6+ {[%clk 0:16:30]} Ke7 {[%clk 0:15:01]} 13. Qxb5
{[%clk 0:16:38]} Qd7 {[%clk 0:14:56]} 1/2-1/2

[Event "Team Championship of Russia (rapid)"]
[Site "Sochi"]
[Date "2015.05.09"]
[Round "7.5"]
[White "Svidler, Peter"]
[Black "Korobov, Anton"]
[Result "1/2-1/2"]
[LiveChessVersion "1.4.4"]
[BlackElo "2660"]
[WhiteElo "2649"]
[BlackTeam "Siberia"]
[WhiteTeam "The Bronze Horseman"]

1. Nf3 {[%clk 0:15:18]} Nf6 {[%clk 0:15:19]} 2. c4 {[%clk 0:15:21]} g6
{[%clk 0:15:22]} 3. b3 {[%clk 0:15:27]} Bg7 {[%clk 0:15:24]} 4. Bb2
{[%clk 0:15:36]} O-O {[%clk 0:15:31]} 5. g3 {[%clk 0:15:44]} d6 {[%clk 0:15:16]}
6. Bg2 {[%clk 0:15:52]} e5 {[%clk 0:15:24]} 7. O-O {[%clk 0:15:14]} c5
{[%clk 0:15:10]} 8. d3 {[%clk 0:14:18]} Nc6 {[%clk 0:15:16]} 9. Nc3
{[%clk 0:14:25]} h6 {[%clk 0:14:26]} 10. Nd2 {[%clk 0:14:24]} Be6
{[%clk 0:14:14]} 11. Nd5 {[%clk 0:14:05]} Qd7 {[%clk 0:14:06]} 12. a3
{[%clk 0:13:54]} a5 {[%clk 0:14:06]} 13. Nb6 {[%clk 0:14:01]} Qc7
{[%clk 0:13:59]} 14. Nxa8 {[%clk 0:14:09]} Rxa8 {[%clk 0:14:08]} 15. Ne4
{[%clk 0:14:11]} Nxe4 {[%clk 0:13:50]} 16. Bxe4 {[%clk 0:14:19]} Rb8
{[%clk 0:13:47]} 17. a4 {[%clk 0:12:43]} Ne7 {[%clk 0:12:40]} 18. Bg2
{[%clk 0:12:42]} d5 {[%clk 0:12:33]} 19. cxd5 {[%clk 0:12:43]} Nxd5
{[%clk 0:12:39]} 20. Rc1 {[%clk 0:12:27]} Qd6 {[%clk 0:12:15]} 21. Qd2
{[%clk 0:12:01]} Nb4 {[%clk 0:12:14]} 22. f4 {[%clk 0:12:05]} b6 {[%clk 0:10:38]}
23. Bxe5 {[%clk 0:12:09]} Bxe5 {[%clk 0:10:40]} 24. fxe5 {[%clk 0:12:17]} Qxe5
{[%clk 0:10:35]} 25. Qxh6 {[%clk 0:12:20]} Bxb3 {[%clk 0:09:26]} 26. Be4
{[%clk 0:12:19]} Re8 {[%clk 0:08:38]} 27. Rf3 {[%clk 0:11:11]} Qg7
{[%clk 0:08:18]} 28. Qh4 {[%clk 0:08:44]} f5 {[%clk 0:06:17]} 29. Bxf5
{[%clk 0:08:52]} gxf5 {[%clk 0:06:25]} 30. Rxf5 {[%clk 0:09:01]} Qd4+
{[%clk 0:06:28]} 31. Qxd4 {[%clk 0:09:08]} cxd4 {[%clk 0:06:37]} 32. Rcf1
{[%clk 0:08:41]} Rxe2 {[%clk 0:05:46]} 33. Rg5+ {[%clk 0:08:41]} Kh7
{[%clk 0:05:53]} 34. Rff5 {[%clk 0:07:13]} Re6 {[%clk 0:04:41]} 35. h4
{[%clk 0:06:42]} Nxd3 {[%clk 0:04:16]} 36. g4 {[%clk 0:06:00]} Rh6
{[%clk 0:03:44]} 37. Rh5 {[%clk 0:05:16]} Nc5 {[%clk 0:03:38]} 38. Rxh6+
{[%clk 0:05:18]} Kxh6 39. Rf6+ {[%clk 0:05:25]} Kg7 {[%clk 0:03:47]} 40. Rxb6
{[%clk 0:05:30]} d3 {[%clk 0:03:41]} 41. Rd6 {[%clk 0:05:39]} Bxa4
{[%clk 0:03:33]} 42. h5 {[%clk 0:05:38]} Bd1 {[%clk 0:03:03]} 43. Kf1
{[%clk 0:05:34]} a4 {[%clk 0:02:40]} 44. Rd5 {[%clk 0:04:04]} Be2+
{[%clk 0:01:43]} 45. Kf2 {[%clk 0:03:44]} Ne4+ {[%clk 0:01:23]} 46. Ke3
{[%clk 0:03:51]} a3 {[%clk 0:00:41]} 47. Rd7+ {[%clk 0:03:39]} Kf8
{[%clk 0:00:20]} 48. h6 {[%clk 0:03:36]} Kg8 {[%clk 0:00:14]} 49. g5
{[%clk 0:03:26]} Nxg5 {[%clk 0:00:15]} 50. Rg7+ {[%clk 0:03:34]} Kh8
{[%clk 0:00:24]} 51. Rxg5 {[%clk 0:03:43]} Kh7 {[%clk 0:00:33]} 52. Ra5
{[%clk 0:03:50]} 1/2-1/2

[Event "Team Championship of Russia (rapid)"]
[Site "Sochi"]
[Date "2015.05.09"]
[Round "7.6"]
[White "Kokarev, Dmitry"]
[Black "Vitiugov, Nikita"]
[Result "1-0"]
[LiveChessVersion "1.4.4"]
[BlackElo "2686"]
[WhiteElo "2608"]
[BlackTeam "The Bronze Horseman"]
[WhiteTeam "Siberia"]

1. g3 {[%clk 0:15:17]} c5 {[%clk 0:14:46]} 2. Bg2 {[%clk 0:15:18]} g6
{[%clk 0:14:54]} 3. c4 {[%clk 0:15:26]} Bg7 {[%clk 0:15:01]} 4. Nc3
{[%clk 0:15:33]} Nc6 {[%clk 0:15:09]} 5. e3 {[%clk 0:15:39]} d6 {[%clk 0:14:59]}
6. Nge2 {[%clk 0:15:46]} Nf6 {[%clk 0:14:19]} 7. O-O {[%clk 0:15:50]} h5
{[%clk 0:13:32]} 8. h3 {[%clk 0:14:43]} Bf5 {[%clk 0:13:19]} 9. d4
{[%clk 0:13:21]} cxd4 {[%clk 0:12:48]} 10. Nxd4 {[%clk 0:10:45]} Bd7
{[%clk 0:11:56]} 11. b3 {[%clk 0:10:48]} Qc8 {[%clk 0:11:16]} 12. Kh2
{[%clk 0:10:52]} Ne5 {[%clk 0:08:30]} 13. Bb2 {[%clk 0:09:52]} Rb8
{[%clk 0:05:46]} 14. Rc1 {[%clk 0:09:52]} a6 {[%clk 0:05:46]} 15. Nd5
{[%clk 0:08:42]} Qd8 {[%clk 0:05:49]} 16. Qe2 {[%clk 0:06:11]} Rc8
{[%clk 0:03:42]} 17. Rfd1 {[%clk 0:05:56]} g5 {[%clk 0:02:24]} 18. f4
{[%clk 0:05:28]} Ng6 {[%clk 0:02:22]} 19. Nxf6+ {[%clk 0:04:17]} Bxf6
{[%clk 0:02:31]} 20. fxg5 {[%clk 0:04:25]} Be5 {[%clk 0:02:32]} 21. Nf3
{[%clk 0:04:31]} Bxb2 {[%clk 0:02:12]} 22. Qxb2 {[%clk 0:04:39]} Qa5
{[%clk 0:01:52]} 23. c5 {[%clk 0:03:44]} O-O {[%clk 0:01:01]} 24. b4
{[%clk 0:03:53]} Qa4 {[%clk 0:01:03]} 25. cxd6 {[%clk 0:03:46]} Rxc1
{[%clk 0:01:02]} 26. Qxc1 {[%clk 0:03:52]} Rc8 {[%clk 0:01:00]} 27. Qb1
{[%clk 0:03:53]} exd6 {[%clk 0:00:22]} 28. Rxd6 {[%clk 0:04:01]} Be8
{[%clk 0:00:13]} 29. Nd4 {[%clk 0:03:57]} Qa3 {[%clk 0:00:19]} 30. Qe4
{[%clk 0:03:59]} Qc3 {[%clk 0:00:21]} 31. Qxb7 {[%clk 0:03:39]} Rc7
{[%clk 0:00:29]} 32. Qd5 {[%clk 0:03:34]} Ne7 {[%clk 0:00:32]} 33. Qe5
{[%clk 0:03:41]} h4 {[%clk 0:00:30]} 34. Rh6 {[%clk 0:03:01]} hxg3+
{[%clk 0:00:37]} 35. Kxg3 {[%clk 0:03:06]} Nf5+ {[%clk 0:00:28]} 36. Qxf5
{[%clk 0:03:06]} Qxe3+ {[%clk 0:00:35]} 37. Nf3 {[%clk 0:03:14]} 1-0

[Event "Team Championship of Russia (rapid)"]
[Site "Sochi"]
[Date "2015.05.09"]
[Round "7.7"]
[White "Fedoseev, Vladimir"]
[Black "Bocharov, Dmitry"]
[Result "1-0"]
[LiveChessVersion "1.4.4"]
[BlackElo "2553"]
[WhiteElo "2659"]
[BlackTeam "Siberia"]
[WhiteTeam "The Bronze Horseman"]

1. Nf3 {[%clk 0:15:19]} Nf6 {[%clk 0:15:02]} 2. c4 {[%clk 0:15:28]} e6
{[%clk 0:14:56]} 3. Nc3 {[%clk 0:15:36]} d5 {[%clk 0:14:44]} 4. d4
{[%clk 0:15:45]} Nbd7 {[%clk 0:14:50]} 5. e3 {[%clk 0:15:49]} b6 {[%clk 0:13:53]}
6. cxd5 {[%clk 0:13:41]} exd5 {[%clk 0:14:01]} 7. Qa4 {[%clk 0:13:50]} Bb7
{[%clk 0:13:52]} 8. Ba6 {[%clk 0:13:46]} Qc8 {[%clk 0:13:17]} 9. Bxb7
{[%clk 0:13:29]} Qxb7 {[%clk 0:13:18]} 10. O-O {[%clk 0:13:33]} Bd6
{[%clk 0:12:52]} 11. Ne5 {[%clk 0:12:40]} a6 {[%clk 0:12:55]} 12. f4
{[%clk 0:12:23]} b5 {[%clk 0:12:57]} 13. Qb3 {[%clk 0:12:07]} Nb6
{[%clk 0:13:03]} 14. a4 {[%clk 0:11:12]} b4 {[%clk 0:13:06]} 15. a5
{[%clk 0:10:28]} bxc3 {[%clk 0:12:55]} 16. bxc3 {[%clk 0:10:37]} O-O
{[%clk 0:12:52]} 17. Ba3 {[%clk 0:10:22]} Ne4 {[%clk 0:12:33]} 18. Rfc1
{[%clk 0:08:03]} Rfb8 {[%clk 0:08:12]} 19. axb6 {[%clk 0:08:02]} Bxe5
{[%clk 0:07:16]} 20. dxe5 {[%clk 0:07:47]} cxb6 {[%clk 0:07:21]} 21. Rd1
{[%clk 0:07:55]} Rc8 {[%clk 0:07:02]} 22. Rxd5 {[%clk 0:06:09]} Nxc3
{[%clk 0:06:35]} 23. Rd3 {[%clk 0:06:00]} Nb5 {[%clk 0:05:21]} 24. Bb2
{[%clk 0:04:52]} Qc6 {[%clk 0:03:09]} 25. f5 {[%clk 0:04:11]} Qc2
{[%clk 0:02:33]} 26. Qxc2 {[%clk 0:04:01]} Rxc2 {[%clk 0:02:38]} 27. Rxa6
{[%clk 0:04:08]} Rac8 {[%clk 0:02:43]} 28. Rb3 {[%clk 0:04:10]} Nc7
{[%clk 0:02:45]} 29. Raxb6 {[%clk 0:04:16]} Nd5 {[%clk 0:02:50]} 30. Rb8
{[%clk 0:04:11]} h5 {[%clk 0:02:56]} 31. h3 {[%clk 0:03:30]} Rxb8
{[%clk 0:02:33]} 32. Rxb8+ {[%clk 0:03:38]} Kh7 {[%clk 0:02:42]} 33. Bd4
{[%clk 0:03:41]} Ne7 {[%clk 0:02:48]} 34. g4 {[%clk 0:03:27]} hxg4
{[%clk 0:02:37]} 35. hxg4 {[%clk 0:03:37]} Rc7 {[%clk 0:02:39]} 36. Re8
{[%clk 0:03:33]} Kh6 {[%clk 0:02:45]} 37. Kg2 {[%clk 0:03:31]} g6
{[%clk 0:01:56]} 38. e6 {[%clk 0:03:05]} fxe6 {[%clk 0:01:52]} 39. Bf6
{[%clk 0:03:12]} gxf5 {[%clk 0:00:17]} 40. Rxe7 {[%clk 0:03:18]} Rc6
{[%clk 0:00:21]} 41. g5+ {[%clk 0:03:22]} Kg6 {[%clk 0:00:27]} 42. Kf3
{[%clk 0:03:29]} 1-0

[Event "Team Championship of Russia (rapid)"]
[Site "Sochi"]
[Date "2015.05.09"]
[Round "7.8"]
[White "Maletin, Pavel"]
[Black "Khairullin, Ildar"]
[Result "1/2-1/2"]
[LiveChessVersion "1.4.4"]
[BlackElo "2617"]
[WhiteElo "2540"]
[WhiteTeam "Siberia"]

1. Nf3 {[%clk 0:15:18]} d5 {[%clk 0:15:17]} 2. g3 {[%clk 0:15:26]} g6
{[%clk 0:14:46]} 3. Bg2 {[%clk 0:15:28]} Bg7 {[%clk 0:14:55]} 4. d4
{[%clk 0:15:27]} e6 {[%clk 0:14:12]} 5. O-O {[%clk 0:15:26]} Ne7 {[%clk 0:14:21]}
6. c4 {[%clk 0:15:32]} O-O {[%clk 0:14:27]} 7. Qc2 {[%clk 0:15:40]} Nbc6
{[%clk 0:14:15]} 8. Rd1 {[%clk 0:15:46]} b6 {[%clk 0:14:23]} 9. Bf4
{[%clk 0:15:24]} Bb7 {[%clk 0:14:29]} 10. cxd5 {[%clk 0:14:53]} exd5
{[%clk 0:14:05]} 11. Nc3 {[%clk 0:14:57]} Nf5 {[%clk 0:12:47]} 12. e3
{[%clk 0:12:29]} Nce7 {[%clk 0:12:11]} 13. Rac1 {[%clk 0:11:55]} c6
{[%clk 0:11:36]} 14. b4 {[%clk 0:10:27]} h6 {[%clk 0:11:18]} 15. h4
{[%clk 0:10:27]} Nd6 {[%clk 0:08:02]} 16. Be5 {[%clk 0:09:52]} Bc8
{[%clk 0:03:02]} 17. Bxg7 Kxg7 {[%clk 0:03:11]} 18. e4 {[%clk 0:07:44]} dxe4
{[%clk 0:03:15]} 19. Ne5 {[%clk 0:07:08]} Bf5 {[%clk 0:02:12]} 20. Nxe4
{[%clk 0:06:27]} Rc8 {[%clk 0:02:14]} 21. Qe2 {[%clk 0:06:16]} Nxe4
{[%clk 0:02:16]} 22. Bxe4 {[%clk 0:06:25]} Bxe4 {[%clk 0:02:25]} 23. Qxe4
{[%clk 0:06:34]} Qd6 {[%clk 0:02:27]} 24. a3 {[%clk 0:04:53]} Rc7
{[%clk 0:02:11]} 25. h5 {[%clk 0:03:02]} g5 {[%clk 0:01:23]} 26. b5
{[%clk 0:02:23]} cxb5 {[%clk 0:01:18]} 27. Rxc7 {[%clk 0:02:30]} Qxc7
{[%clk 0:01:27]} 28. d5 {[%clk 0:02:31]} Qd6 {[%clk 0:01:36]} 29. Ng4
{[%clk 0:02:00]} f5 {[%clk 0:01:08]} 30. Qd4+ {[%clk 0:02:10]} Kg8
{[%clk 0:01:14]} 31. Nxh6+ {[%clk 0:01:35]} Kh7 {[%clk 0:00:31]} 32. Re1
{[%clk 0:01:33]} Rf6 {[%clk 0:00:40]} 33. Qe3 {[%clk 0:01:15]} Kxh6
{[%clk 0:00:24]} 34. Qxe7 {[%clk 0:01:19]} Qxe7 {[%clk 0:00:33]} 35. Rxe7
{[%clk 0:01:28]} 1/2-1/2

[Event "Team Championship of Russia (rapid)"]
[Site "Sochi"]
[Date "2015.05.09"]
[Round "7.9"]
[White "Kamsky, Gata"]
[Black "Alekseev, Evgeny"]
[Result "1/2-1/2"]
[LiveChessVersion "1.4.4"]
[BlackElo "2801"]
[WhiteElo "2675"]
[BlackTeam "University"]
[WhiteTeam "Ladya"]

1. d4 {[%clk 0:15:18]} Nf6 {[%clk 0:15:18]} 2. Nf3 {[%clk 0:15:25]} d5
{[%clk 0:15:23]} 3. c4 {[%clk 0:15:28]} e6 {[%clk 0:15:28]} 4. g3
{[%clk 0:15:36]} Bb4+ {[%clk 0:15:29]} 5. Bd2 {[%clk 0:15:40]} Be7
{[%clk 0:15:34]} 6. Bg2 {[%clk 0:15:48]} O-O {[%clk 0:15:41]} 7. O-O
{[%clk 0:15:56]} c6 {[%clk 0:15:43]} 8. Qc2 {[%clk 0:15:43]} b6 {[%clk 0:15:45]}
9. b3 {[%clk 0:15:40]} Nbd7 {[%clk 0:15:42]} 10. Bc3 {[%clk 0:15:40]} Bb7
{[%clk 0:15:23]} 11. Nbd2 {[%clk 0:15:48]} c5 {[%clk 0:15:06]} 12. e3
{[%clk 0:15:23]} Rc8 {[%clk 0:14:56]} 13. Qb2 {[%clk 0:15:29]} Bd6
{[%clk 0:14:17]} 14. a4 {[%clk 0:15:02]} a5 {[%clk 0:13:31]} 15. Rad1
{[%clk 0:14:36]} Re8 {[%clk 0:12:21]} 16. dxc5 {[%clk 0:14:12]} Nxc5
{[%clk 0:11:02]} 17. Bxf6 {[%clk 0:12:42]} Qxf6 {[%clk 0:11:06]} 18. Qxf6
{[%clk 0:12:49]} gxf6 {[%clk 0:11:15]} 19. Nd4 {[%clk 0:12:58]} Ba6
{[%clk 0:11:14]} 20. cxd5 {[%clk 0:11:42]} Bxf1 {[%clk 0:11:20]} 21. Kxf1
{[%clk 0:11:51]} Bf8 {[%clk 0:07:39]} 22. Nc6 {[%clk 0:10:10]} Rc7
{[%clk 0:07:26]} 23. Ke2 {[%clk 0:05:32]} Rec8 {[%clk 0:06:44]} 24. Nd4
{[%clk 0:05:27]} Rd8 {[%clk 0:06:31]} 25. dxe6 {[%clk 0:04:09]} fxe6
{[%clk 0:06:26]} 26. Ne4 {[%clk 0:04:18]} Nxe4 {[%clk 0:04:29]} 27. Bxe4
{[%clk 0:04:26]} e5 {[%clk 0:04:19]} 28. Ne6 {[%clk 0:03:39]} Rxd1
{[%clk 0:04:28]} 29. Nxc7 {[%clk 0:03:47]} Ra1 {[%clk 0:03:53]} 30. Nd5
{[%clk 0:03:54]} Ra2+ {[%clk 0:03:36]} 31. Kf1 {[%clk 0:04:02]} Kg7
{[%clk 0:03:38]} 32. Nxb6 {[%clk 0:03:49]} Bb4 {[%clk 0:03:31]} 33. Nd5
{[%clk 0:03:09]} Ra1+ {[%clk 0:03:30]} 34. Ke2 {[%clk 0:03:07]} Ra2+
{[%clk 0:03:37]} 35. Kf1 {[%clk 0:03:14]} Ra1+ {[%clk 0:03:45]} 36. Ke2
{[%clk 0:03:13]} 1/2-1/2

[Event "Team Championship of Russia (rapid)"]
[Site "Sochi"]
[Date "2015.05.09"]
[Round "7.10"]
[White "Aleksandrov, Aleksej"]
[Black "Artemiev, Vladislav"]
[Result "0-1"]
[LiveChessVersion "1.4.4"]
[BlackElo "2562"]
[WhiteElo "2685"]
[BlackTeam "Ladya"]

1. d4 {[%clk 0:15:18]} Nf6 {[%clk 0:15:15]} 2. Bg5 {[%clk 0:15:21]} Ne4
{[%clk 0:15:19]} 3. Bf4 {[%clk 0:15:29]} c5 {[%clk 0:15:24]} 4. f3
{[%clk 0:15:32]} Qa5+ {[%clk 0:15:30]} 5. c3 {[%clk 0:15:40]} Nf6
{[%clk 0:15:38]} 6. Nd2 {[%clk 0:15:43]} cxd4 {[%clk 0:15:32]} 7. Nb3
{[%clk 0:15:38]} Qd8 {[%clk 0:15:29]} 8. cxd4 {[%clk 0:15:55]} e6
{[%clk 0:14:53]} 9. e4 {[%clk 0:15:17]} d5 {[%clk 0:15:01]} 10. Bd3
{[%clk 0:15:02]} Nc6 {[%clk 0:14:54]} 11. Ne2 {[%clk 0:14:32]} dxe4
{[%clk 0:11:58]} 12. fxe4 {[%clk 0:14:40]} e5 {[%clk 0:12:07]} 13. dxe5
{[%clk 0:14:48]} Ng4 {[%clk 0:12:14]} 14. Nc3 {[%clk 0:13:17]} Bb4
{[%clk 0:11:44]} 15. Bb5 {[%clk 0:10:35]} Qh4+ {[%clk 0:09:27]} 16. Bg3
{[%clk 0:07:11]} Qe7 {[%clk 0:09:36]} 17. Qc1 {[%clk 0:01:22]} Ngxe5
{[%clk 0:08:00]} 18. O-O {[%clk 0:01:24]} Bxc3 {[%clk 0:08:07]} 19. Qxc3
{[%clk 0:01:29]} O-O {[%clk 0:08:15]} 20. Rad1 {[%clk 0:01:23]} Qg5
{[%clk 0:02:58]} 21. Rd5 {[%clk 0:01:00]} f6 {[%clk 0:02:44]} 22. Bc4
{[%clk 0:00:38]} Be6 {[%clk 0:02:17]} 23. Rxe5 {[%clk 0:00:38]} Nxe5
{[%clk 0:01:53]} 24. Bxe6+ Kh8 25. Nd4 {[%clk 0:00:43]} Qh5 {[%clk 0:00:59]} 26.
Bd5 {[%clk 0:00:34]} Rac8 {[%clk 0:00:52]} 27. Qa3 {[%clk 0:00:38]} Nc6
{[%clk 0:00:40]} 28. Nf5 {[%clk 0:00:35]} Rcd8 {[%clk 0:00:17]} 29. Bc7
{[%clk 0:00:33]} Rc8 {[%clk 0:00:20]} 30. Bf4 {[%clk 0:00:34]} Rcd8
{[%clk 0:00:21]} 31. h3 {[%clk 0:00:31]} a5 {[%clk 0:00:31]} 32. Bc7
{[%clk 0:00:22]} Rc8 {[%clk 0:00:38]} 33. Be6 {[%clk 0:00:23]} Ra8
{[%clk 0:00:44]} 34. Qb3 {[%clk 0:00:23]} Rae8 {[%clk 0:00:19]} 35. g4
{[%clk 0:00:16]} Qg6 {[%clk 0:00:22]} 36. Bd6 {[%clk 0:00:17]} a4
{[%clk 0:00:19]} 37. Qd5 {[%clk 0:00:12]} Ne5 {[%clk 0:00:28]} 38. Bxf8
{[%clk 0:00:17]} Rxf8 {[%clk 0:00:37]} 39. Ng3 {[%clk 0:00:21]} Qg5
{[%clk 0:00:40]} 40. Kg2 {[%clk 0:00:29]} h6 {[%clk 0:00:45]} 41. Rf2
{[%clk 0:00:34]} Re8 {[%clk 0:00:42]} 42. Bf5 {[%clk 0:00:37]} Qe3
{[%clk 0:00:51]} 43. Qxb7 {[%clk 0:00:36]} Nd3 {[%clk 0:01:00]} 44. Rf1
{[%clk 0:00:38]} Ne1+ {[%clk 0:01:07]} 45. Rxe1 {[%clk 0:00:39]} Qxe1
{[%clk 0:01:16]} 46. Qc7 {[%clk 0:00:33]} Qd2+ {[%clk 0:01:21]} 47. Kf3
{[%clk 0:00:42]} Rd8 {[%clk 0:00:29]} 48. e5 {[%clk 0:00:46]} Qd1+
{[%clk 0:00:34]} 49. Ne2 {[%clk 0:00:50]} Qf1+ {[%clk 0:00:18]} 50. Kg3
{[%clk 0:00:50]} Qe1+ {[%clk 0:00:27]} 51. Kf3 {[%clk 0:00:56]} Qf1+
{[%clk 0:00:36]} 52. Kg3 {[%clk 0:00:43]} Qe1+ {[%clk 0:00:41]} 53. Kf3
{[%clk 0:00:45]} Qf1+ {[%clk 0:00:50]} 54. Ke3 {[%clk 0:00:49]} Qxh3+
{[%clk 0:00:56]} 55. Kf2 {[%clk 0:00:57]} Qh2+ {[%clk 0:01:01]} 56. Kf3
{[%clk 0:01:05]} Qh1+ {[%clk 0:01:05]} 57. Kg3 {[%clk 0:00:49]} Qe1+
{[%clk 0:01:11]} 58. Kf3 {[%clk 0:00:58]} Qf1+ {[%clk 0:01:08]} 59. Ke3
{[%clk 0:01:03]} Qh3+ {[%clk 0:01:14]} 60. Ke4 {[%clk 0:00:48]} Qd3+
{[%clk 0:01:18]} 61. Kf4 {[%clk 0:00:57]} g5# {[%clk 0:01:27]} 0-1